Weltstädte A-Z - Statistiken

Allgemein
  • Dieses Quiz wurde 9.602 mal gespielt
  • Das Durchschnittsergebnis liegt bei 15 aus 26
Antwortstatistiken
Hinweis Stadt % Korrekt
Z Größte Stadt der Schweiz Zürich
89%
E Hauptstadt Schottlands Edinburgh
88%
I In Europa und Asien gelegen Istanbul
87%
V Italienische Stadt berühmt für ihre Gondeln Venedig
87%
F Toskana Florenz
78%
R Besitzt den größten Hafen Europas Rotterdam
77%
N Wurde durch eine A-Bombe zerstört Nagasaki
75%
S Hat ein berühmtes Opernhaus Sydney
75%
A Antike Bibliothek Alexandria
68%
B Das Paris von Südamerika Buenos Aires
67%
Q Hauptstadt von Ecuador Quito
67%
J Ort des Felsendoms Jerusalem
65%
O Ukrainische Stadt am Schwarzen Meer Odessa
59%
P Eine der Hauptstädte Südafrikas Pretoria
59%
U Sein Name bedeutet auf Mongolisch "Roter Held" Ulaanbaatar
58%
G Polnischer Name der Stadt Danzig Gdansk
50%
T Gastgeber der Winterspiele 2006 Turin
47%
H Früher Saigon genannt Ho-Chi-Minh-Stadt
44%
L Ägyptische Stadt mit spektakulären antiken Monumenten Luxor
42%
Y Großstadt an der Bucht von Tokio Yokohama
41%
M Pablo Escobar Medellín
39%
D James Joyce Dublin
38%
X Eine der vier Hauptstädte des antiken Chinas Xi'an
34%
W Heimat der Jets aus der NHL Winnipeg
24%
K Afghanistans zweitgrößte Stadt Kandahar
17%
C Gastgeber einer jährlichen 'Stampede' Calgary
12%
Keine übereinstimmenden Quizze gefunden
Verteilung der Resultate
Anzahl Personen mit jedem Resultat
Perzentil nach korrekt beantworteten Fragen
Ihre Resultats-Entwicklung
Sie haben dieses Quiz noch nicht gespielt